LEADER 01203nam2-2200385---450- 001 990002857690203316 005 20101216115748.0 010 $a88-14-12383-7 035 $a000285769 035 $aUSA01000285769 035 $a(ALEPH)000285769USA01 035 $a000285769 100 $a20070119h2006----km-y0itay50------ba 101 0 $aita 102 $aIT 105 $ay|||||||001yy 200 1 $a<<3.>> : <> separazione e il divorzio 210 $aMilano$cGiuffrè$dcopyr. 2006 215 $aXXIII, 694 p.$d25 cm 225 2 $aTrattati$v7 410 0$12001$aTrattati$v7 461 1$1001000285766$12001$a<> diritto di famiglia nei nuovi orientamenti 606 0 $aDiritto di famiglia$xGiurisprudenza 676 $a346.4501502648 801 0$aIT$bsalbc$gISBD 912 $a990002857690203316 951 $aXXV.1.L. 483 3 (IG I 2527/3)$b52662 G.$cXXV.1.L. 483 3 (IG I)$d00208874 959 $aBK 969 $aGIU 979 $aANNAMARIA$b90$c20070119$lUSA01$h0844 979 $aANNAMARIA$b90$c20070119$lUSA01$h0855 979 $aRSIAV5$b90$c20090717$lUSA01$h1236 979 $aRSIAV4$b90$c20101216$lUSA01$h1157 996 $aSeparazione e il divorzio$9991674 997 $aUNISA LEADER 01250nam--2200397---450- 001 990003004780203316 005 20071105102840.0 010 $a978-90-04-16046-0 035 $a000300478 035 $aUSA01000300478 035 $a(ALEPH)000300478USA01 035 $a000300478 100 $a20071105d2007----km-y0itay50------ba 101 $aeng 102 $aNL 105 $aa---||||001yy 200 1 $aAristotle on memory and recollection$etext, translation, interpretation, and reception in Western Scholasticism$fDavid Bloch 210 $aLeiden [etc.]$cBrill$d2007 215 $aXIII, 276 p., [1] c. di tav.$cill.$d24 cm. 225 2 $aPhilosophia antiqua$v110 410 0$12001$aPhilosophia antiqua$v110 454 1$12001 461 1$1001-------$12001 604 $aAristotele. De memoria e reminiscentia 606 0 $aMemoria 676 $a185 700 1$aBLOCH,$bDavid$0599102 801 0$aIT$bsalbc$gISBD 912 $a990003004780203316 951 $aII.1.A. 1148$b202339 L.M.$cII.1.A.$d00162051 959 $aBK 969 $aUMA 979 $aRIVELLI$b90$c20071105$lUSA01$h1027 979 $aRIVELLI$b90$c20071105$lUSA01$h1028 996 $aAristotle on memory and recollection$91024234 997 $aUNISA LEADER 02381oam 2200637zu 450 001 9910830985503321 005 20210807002910.0 010 $a3-527-61120-7 035 $a(CKB)1000000000377149 035 $a(SSID)ssj0000354217 035 $a(PQKBManifestationID)11281501 035 $a(PQKBTitleCode)TC0000354217 035 $a(PQKBWorkID)10302440 035 $a(PQKB)10966402 035 $a(EXLCZ)991000000000377149 100 $a20160829d2003 uy 101 0 $ager 181 $ctxt 182 $cc 183 $acr 200 00$aForschung mit humanen embryonalen Stammzellen : Rechtsgutachten zu den strafrechtlichen Grundlagen und Grenzen der Gewinnung, Verwendung und des Imports sowie der Beteiligung daran durch Veranlassung, Förderung und Beratung : Standpunkte 210 31$a[Place of publication not identified]$cWiley VCH$d2003 300 $aBibliographic Level Mode of Issuance: Monograph 311 $a3-527-27221-6 606 $aEmbryo Research 606 $aStem Cell Transplantation 606 $aInvestigative Techniques 606 $aBiomedical Research 606 $aCell Transplantation 606 $aResearch 606 $aAnalytical, Diagnostic and Therapeutic Techniques and Equipment 606 $aTransplantation 606 $aSurgical Procedures, Operative 606 $aScience 606 $aNatural Science Disciplines 606 $aDisciplines and Occupations 615 2$aEmbryo Research 615 2$aStem Cell Transplantation 615 2$aInvestigative Techniques 615 2$aBiomedical Research 615 2$aCell Transplantation 615 2$aResearch 615 2$aAnalytical, Diagnostic and Therapeutic Techniques and Equipment 615 2$aTransplantation 615 2$aSurgical Procedures, Operative 615 2$aScience 615 2$aNatural Science Disciplines 615 2$aDisciplines and Occupations 700 $aDahs$b Hans$01683735 702 $aDahs$b Hans 712 02$aDeutsche Forschungsgemeinschaft. 801 0$bPQKB 906 $aBOOK 912 $a9910830985503321 996 $aForschung mit humanen embryonalen Stammzellen : Rechtsgutachten zu den strafrechtlichen Grundlagen und Grenzen der Gewinnung, Verwendung und des Imports sowie der Beteiligung daran durch Veranlassung, Förderung und Beratung : Standpunkte$94054734 997 $aUNINA